000 00875nam a22002417a 4500
005 20130422153659.0
008 130422b xxu||||| |||| 00| 0 eng d
010 _aENG-106958
020 _a9788177082692
_c570.00
035 _aEN-90491
037 _bDBAD/PUB
040 _aDPL
_bEng
082 _a333.750954
100 1 _aPangannavar, Arjun Yallappa,
_d1951-
245 1 0 _aForest resources of India :
_bproblems, policies, and initiatives /
_cby Arjun Yallappa Pangannavar.
260 _aNew Delhi
_bNew Century Publications
_c2011
270 _a4800/24, Bharat Ram Road, Ansari Road, Darya Ganj
_bNew Delhi
_e110002
300 _axxi, 194p.
_c23cm(Hb)
500 _aIncludes bibliographical references (pages 183-186) and index.
650 0 _aForests and forestry
_zIndia.
650 0 _aForest policy
_zIndia.
942 _2ddc
_cEN
_h333.750954
_mPAN
999 _c74803
_d74803